000 00386nam a2200145Ia 4500
005 20240821160532.0
008 240821s9999||||xx |||||||||||||| ||und||
082 _a823 NAR
100 _aNarayan, R.K.
245 0 _aUnder the banyan tree & other stories
260 _aChennai
_bIndian Thought Publications
_c2005
300 _aix, 192p.
650 _aEnglish literature
942 _cBK
999 _c169487
_d169487